Investigación social (Registro nro. 26108)

Detalles MARC
000 -CABECERA
Longitud fija campo de control 00778nam a22002417a 4500
003 - IDENTIFICADOR DELl NÚMERO DE CONTROL
Identificador del número de control OSt
005 - FECHA Y HORA DE LA ÚLTIMA TRANSACCIÓN
Fecha y hora de la última transacción 20180727145222.0
008 - CÓDIGOS DE INFORMACIÓN DE LONGITUD FIJA
Códigos de información de longitud fija 161005b xxu||||| |||| 00| 0 eng d
020 ## - NÚMERO INTERNACIONAL NORMALIZADO PARA LIBROS
Número Internacional Normalizado para Libros (ISBN) 978-950-892-171-0
040 ## - FUENTE DE LA CATALOGACIÓN
Centro transcriptor CRI
082 ## - NÚMERO DE LA CLASIFICACIÓN DECIMAL DEWEY
Númeroo de clasificación 001.4
100 1# - PUNTO DE ACCESO PRINCIPAL-NOMBRE DE PERSONA
9 (RLIN) 40008
Nombre de persona de Souza Minayo, Maria Cecília
245 10 - MENCIÓN DE TÍTULO
Título Investigación social
Resto del título : teoría, método y creatividad
Mención de responsabilidad, etc. Maria Cecília de Souza Minayo... [et al.] ; traducido por, Marcelo Urquía
250 ## - MENCIÓN DE EDICIÓN
Mención de edición 1ª ed., 3ª reimp
260 ## - PUBLICACIÓN, DISTRIBUCIÓN, ETC. (PIE DE IMPRENTA)
Lugar de publicación, distribución, etc. Buenos Aires
Nombre del editor, distribuidor, etc. Lugar
Fecha de publicación, distribución, etc. 2007
300 ## - DESCRIPCIÓN FÍSICA
Extensión 64 p.
Dimensiones 20 cm
490 ## - MENCIÓN DE SERIE
Mención de serie Salud Colectiva. Didáctica
650 24 - PUNTO DE ACCESO ADICIONAL DE MATERIA - TÉRMINO DE MATERIA
9 (RLIN) 2258
Término de materia o nombre geográfico como elemento inicial Investigación
700 1# - PUNTO DE ACCESO ADICIONAL - NOMBRE DE PERSONA
9 (RLIN) 40010
Nombre de persona Ferreira Deslandes, Suely
700 1# - PUNTO DE ACCESO ADICIONAL - NOMBRE DE PERSONA
9 (RLIN) 40012
Nombre de persona Cruz Neto, Octávio
700 1# - PUNTO DE ACCESO ADICIONAL - NOMBRE DE PERSONA
9 (RLIN) 42772
Nombre de persona Urquía, Marcelo
942 ## - ENTRADA DE ELEMENTOS AGREGADOS (KOHA)
Fuente de clasificaión o esquema Dewey Decimal Classification
Koha [por defecto] tipo de item 1- Monografias
Existencias
Suprimido Perdido Fuente de clasificación o esquema Estropeado Restricciones de uso No para préstamo Código de colección Localización permanente Localización actual Localización en estanter&íacute;as Fecha adquisición Número de inventario Préstamos totales Signatura completa Código de barras Fecha última consulta Fecha del precio de reemplazo Tipo de item de Koha
NULL NULL Dewey Decimal Classification NULL Prestable NULL NULL Biblioteca Centro Regional de Ilobasco Biblioteca Centro Regional de Ilobasco Sala Principal 30/07/2011 LI002026   001.4 INV 1038606 05/10/2016 05/10/2016 1- Monografias
NULL NULL Dewey Decimal Classification NULL Prestable NULL NULL Biblioteca Centro Regional de Ilobasco Biblioteca Centro Regional de Ilobasco Sala Principal 30/07/2011 LI002027   001.4 INV 1038607 05/10/2016 05/10/2016 1- Monografias
NULL NULL Dewey Decimal Classification NULL Prestable NULL NULL Biblioteca Centro Regional de Ilobasco Biblioteca Centro Regional de Ilobasco Sala Principal 30/07/2011 LI002028   001.4 INV 1038608 05/10/2016 05/10/2016 1- Monografias